Statistiques concernant Quiz sur l'Europe!

Cliquez ici pour prendre le quiz!

Statistiques générales

  • Ce quiz a été pris 250 fois
    (203 depuis la dernière actualisation)
  • Le résultat moyen est 3 sur 6

Statistiques - réponses

QuestionRéponse% Correct
Des feux d'artifice ont-ils été découverts en Europe?Non
64%
Est Chypre en Europe?Non
61%
Quelle ville de Russie s'appelait autrefois "Petrograd"?Saint-Pétersbourg
58%
Quel pays a le plus petit capital par personne?Moldovie
54%
Dans quel pays a été inventé "Skype"?Estonie
40%
Quelle est la ville la plus peuplée d'Europe?Istanbul
40%

Distribution des résultats

Percentile par nombre de réponses

% des personnes avec chaque résultat

Votre développement - résultats

Vous n’avez pas pris ce quiz depuis la dernière actualisation